000 05599namaa22004211i 4500
003 EG-GICUC
005 20260423132920.0
008 260411s2025 ua a|||frm||| 000 0 eng d
040 _aEG-GICUC
_beng
_cEG-GICUC
_dEG-GICUC
_erda
041 0 _aeng
_beng
_dara
049 _aDeposit
082 0 4 _a301.32954
092 _a301.32954
_221
097 _aM.Sc
099 _aCai01.03.02.M.Sc.2025.Ma.O
100 0 _aMahitab Maher Abdelhamied Hagras,
_epreparation.
245 1 0 _aOverpopulation and environmental changes :
_bcase study of Egypt /
_cby Mahitab Maher Abdelhamied Hagras ; Supervisor Prof. Dr. Ysmien Sakr.
246 1 5 _a الزيادة السكانية والتغيرات البيئية :
_bدراسة حالة مصر
264 0 _c2025.
300 _a124 pages :
_billustrations ;
_c25 cm. +
_eCD.
336 _atext
_2rda content
337 _aUnmediated
_2rdamedia
338 _avolume
_2rdacarrier
502 _aThesis (M.Sc)-Cairo University, 2025.
504 _aBibliography: pages 105 -120.
520 3 _aThis study analyzes the effects of overpopulation on the environment in Egypt using descriptive analysis and an econometric model to investigate the impact of population growth on three environmental variables: water stress, climate change, and land use. Descriptive analysis revealed negative impacts on Egypt’s environment and natural resources. Per capita arable land shrank from 0.09 hectares in 1961 to 0.03 hectares in 2021. From 1990 to 2020, cropped and cultivated land per capita declined annually by 0.01% and 0.001% (in feddans), respectively. Water scarcity worsened after the Ethiopian dam, with per capita water availability dropping to 907.35 cubic meters in 2019 below the 1,000 m³ scarcity threshold. CO₂ emissions also rose, from 1 ton per person in 1980 to 2.3 tons in 2023, mainly due to the electricity, heating, and transport sectors. A DOLS model found that population growth significantly increases pressure on water resources (coefficient of 41.46), and GDP per capita growth adds to it (6.76). In contrast, agriculture, forestry, and fishing value added (-8.68), ecological footprint (-128.66), and technology (-8.055) help reduce water pressure. The interaction between agriculture and technology further decreases pressure by -2.911, emphasizing the role of modern irrigation and government efforts. The study recommends finding alternative water sources, reducing water waste, expanding reproductive health services, and other policy measures.
520 3 _aتُحلل هذه الدراسة آثار الزيادة السكانية على البيئة في مصر، باستخدام تحليل وصفي ونموذج اقتصادي قياسي، لدراسة تأثير النمو السكاني على ثلاثة متغيرات بيئية: الإجهاد المائي، وتغير المناخ، واستخدام الأراضي. كشف التحليل الوصفي عن آثار سلبية على بيئة مصر ومواردها الطبيعية. فقد تقلص نصيب الفرد من الأراضي الصالحة للزراعة من 0.09 هكتار عام 1961 إلى 0.03 هكتار عام 2021. وبين عامي 1990 و2020، انخفض نصيب الفرد من الأراضي المزروعة والمزروعة سنويًا بنسبة 0.01% و0.001% (بالفدان) على التوالي. وتفاقمت مشكلة ندرة المياه بعد سد النهضة الإثيوبي، حيث انخفض نصيب الفرد من المياه المتاحة إلى 907.35 مترًا مكعبًا عام 2019، أي أقل من عتبة الندرة البالغة 1000 متر مكعب. ارتفعت انبعاثات ثاني أكسيد الكربون أيضًا من طن واحد للفرد عام ١٩٨٠ إلى ٢.٣ طن عام ٢٠٢٣، ويعزى ذلك أساسًا إلى قطاعات الكهرباء والتدفئة والنقل. وقد وجد نموذج المربعات الصغرى الديناميكي أن النمو السكاني يزيد الضغط على موارد المياه بشكل ملحوظ (معامل ٤١.٤٦)، ويزيد نمو الناتج المحلي الإجمالي للفرد من هذا الضغط (٦.٧٦). في المقابل، تُسهم القيمة المضافة للزراعة والغابات وصيد الأسماك (-٨.٦٨)، والبصمة البيئية (-١٢٨.٦٦)، والتكنولوجيا (-٨.٠٥٥) في تخفيف الضغط المائي. كما يُسهم التفاعل بين الزراعة والتكنولوجيا في تخفيف الضغط بمقدار -٢.٩١١، مما يُبرز دور الري الحديث والجهود الحكومية. وتوصي الدراسة بإيجاد مصادر مياه بديلة، والحد من هدر المياه، وتوسيع خدمات الصحة الإنجابية، واتخاذ تدابير سياسية أخرى.
530 _aIssues also as CD.
546 _aText in English and abstract in Arabic & English.
650 0 _aOverpopulation
650 0 _aالاكتظاظ السكاني
653 1 _aOverpopulation
_aEnvironment
_aWater Stress
_aClimate Change
_aCO2 Emissions
_aArable Lands
_aAgriculture Lands and DOLS Technique
_aالزيادة السكاني
_aالبيئة
700 0 _aYsmien Sakr
_ethesis advisor.
900 _b01-01-2025
_cYsmien Sakr
_UCairo University
_FFaculty of Economics and Political Science
_DDepartment of Economics
905 _aShimaa
_eEman Ghareb
942 _2ddc
_cTH
_e21
_n0
999 _c179398